[Event "Cappelle op 33rd"]
[Site "Cappelle la Grande"]
[Date "2017.02.25"]
[Round "9"]
[White "Medghoul, Sherif"]
[Black "Albets Armengol, Roland"]
[Result "1-0"]
[WhiteElo "2138"]
[BlackElo "2209"]
[PlyCount "83"]
[EventDate "2017.02.18"]
[EventType "swiss"]
[EventRounds "9"]
[EventCountry "FRA"]
[SourceTitle "CBM 177 Extra"]
[Source "ChessBase"]
[SourceDate "2017.04.27"]
[SourceVersion "1"]
[SourceVersionDate "2017.04.27"]
[SourceQuality "1"]

1. d4 d6 2. Nf3 g6 3. c4 Bg7 4. e4 e5 5. Be2 Nc6 6. Be3 Bg4 7. d5 Bxf3 8. Bxf3 Nd4 9. Nd2 Ne7 10. Nb3 Nxf3+ 11. Qxf3 f5 12. Qe2 fxe4 13. Bg5 0-0 14. Bxe7 Qxe7 15. Nd2 e3 16. Qxe3 e4 17. 0-0 Rae8 18. Rae1 c5 19. Nxe4 Bxb2 20. Qg3 Be5 21. f4 Bd4+ 22. Kh1 Qd7 23. Ng5 Rxe1 24. Rxe1 Qf5 25. Qh4 h5 26. Ne6 Bf6 27. Qg3 Re8 28. Qa3 a6 29. Qb3 Qxf4 30. Rb1 Qe4 31. Qxb7 Re7 32. Qb8+ Kh7 33. h3 Qxc4 34. Qxd6 Qe4 35. Rf1 Qe5 36. Nf8+ Kg7 37. Qxa6 Rf7 38. Ne6+ Kh6 39. Qc4 Rd7 40. Rd1 Qxe6 41. Qc1+ Bg5 42. dxe6 1-0

[Event "Cappelle op 33rd"]
[Site "Cappelle la Grande"]
[Date "2017.02.23"]
[Round "7"]
[White "Albets Armengol, Roland"]
[Black "Zachary, Matheo"]
[Result "1-0"]
[WhiteElo "2209"]
[BlackElo "2147"]
[PlyCount "83"]
[EventDate "2017.02.18"]
[EventType "swiss"]
[EventRounds "9"]
[EventCountry "FRA"]
[SourceTitle "CBM 177 Extra"]
[Source "ChessBase"]
[SourceDate "2017.04.27"]
[SourceVersion "1"]
[SourceVersionDate "2017.04.27"]
[SourceQuality "1"]

1. d4 d5 2. c4 c6 3. Nf3 Nf6 4. Qc2 dxc4 5. Qxc4 Bg4 6. Nbd2 Nbd7 7. g3 e6 8. Bg2 Be7 9. 0-0 0-0 10. b3 Rc8 11. Bb2 c5 12. Rac1 cxd4 13. Qxd4 Bc5 14. Qa4 Bh5 15. Ne4 Nb6 16. Bxf6 Qd5 17. Rxc5 Rxc5 18. Qd4 Qxd4 19. Bxd4 Rc2 20. a4 Rxe2 21. Nc5 Rb8 22. a5 Nd5 23. Nd7 Rd8 24. Nde5 Ra2 25. Nc4 b5 26. axb6 Nxb6 27. Be3 Nd5 28. Bd2 Nb6 29. Ba5 Rb8 30. Bxb6 axb6 31. Nd4 Be2 32. Nxe2 Rxe2 33. Rd1 Rc2 34. Bf1 Rc3 35. Rb1 g6 36. b4 Kg7 37. b5 Kf8 38. Ra1 Rb7 39. Ra6 Rc1 40. Kg2 Rd7 41. Rxb6 Rdd1 42. Ra6 1-0

[Event "Cappelle op 33rd"]
[Site "Cappelle la Grande"]
[Date "2017.02.18"]
[Round "1"]
[White "Albets Armengol, Roland"]
[Black "Defromont, Benjamin"]
[Result "1-0"]
[WhiteElo "2209"]
[BlackElo "1867"]
[PlyCount "145"]
[EventDate "2017.02.18"]
[EventType "swiss"]
[EventRounds "9"]
[EventCountry "FRA"]
[SourceTitle "CBM 177 Extra"]
[Source "ChessBase"]
[SourceDate "2017.04.27"]
[SourceVersion "1"]
[SourceVersionDate "2017.04.27"]
[SourceQuality "1"]

1. d4 d5 2. c4 e6 3. Nf3 Nf6 4. g3 Be7 5. Bg2 0-0 6. 0-0 dxc4 7. Na3 c5 8. dxc5 Bxc5 9. Nxc4 Nc6 10. a3 a5 11. Qc2 Qe7 12. Nce5 Bd7 13. Nxd7 Nxd7 14. Ng5 Nf6 15. Bxc6 bxc6 16. Bd2 Rfc8 17. Bc3 e5 18. Rad1 Bb6 19. Qf5 Bd4 20. Rc1 Bxc3 21. Rxc3 h6 22. Nf3 e4 23. Nd4 Qd6 24. Qc5 Qxc5 25. Rxc5 Rcb8 26. b3 Ra6 27. Rfc1 Kf8 28. Rxc6 Rxc6 29. Rxc6 Ra8 30. Kg2 Nd7 31. Rc7 Ne5 32. h3 h5 33. Rc5 f6 34. Rc7 Ra6 35. Rb7 g6 36. a4 Rd6 37. e3 Ra6 38. f4 exf3+ 39. Nxf3 Nd3 40. Nd4 Ne5 41. Kf2 Nf7 42. Ke2 Kg7 43. Nb5 g5 44. Ra7 Rxa7 45. Nxa7 Ne5 46. Nb5 Kf7 47. e4 Ke7 48. Ke3 Kd7 49. Na3 Nc6 50. Nc4 Ke6 51. Kd3 Kd7 52. Ne3 Ne5+ 53. Kc3 Ke6 54. b4 axb4+ 55. Kxb4 Kd7 56. Kc3 Kc6 57. Nd5 Nd7 58. Kd4 Kb7 59. Kc4 Ka6 60. Kb4 h4 61. g4 Kb7 62. Kb5 Kb8 63. a5 Kb7 64. a6+ Ka7 65. Ne7 Ka8 66. Nc6 Nf8 67. Kc5 Ne6+ 68. Kb6 Ng7 69. Ne7 f5 70. exf5 Kb8 71. Nd5 Ne8 72. a7+ Ka8 73. Nc7+ 1-0

[Event "Manresa"]
[Site "Manresa"]
[Date "2012.11.23"]
[Round "5"]
[White "Albets Armengol, Roland"]
[Black "Gonzalez Rodriguez, Jorge Armando"]
[Result "0-1"]
[WhiteElo "2147"]
[BlackElo "2372"]
[PlyCount "102"]
[EventDate "2012.10.19"]
[EventType "tourn"]
[EventRounds "9"]
[EventCountry "ESP"]
[EventCategory "3"]
[SourceTitle "EXT 2013"]
[Source "ChessBase"]
[SourceDate "2012.11.22"]
[SourceVersion "1"]
[SourceVersionDate "2012.11.22"]
[SourceQuality "1"]

1. d4 Nf6 2. c4 e6 3. g3 c5 4. Nf3 b6 5. Bg2 Bb7 6. d5 exd5 7. Nh4 g6 8. Nc3 Bg7 9. 0-0 0-0 10. Nxd5 Nxd5 11. Bxd5 Bxd5 12. Qxd5 Nc6 13. Rd1 Re8 14. Bg5 Bf6 15. Bxf6 Qxf6 16. Rd2 Re5 17. Qf3 Qe6 18. b3 Re8 19. e3 g5 20. Ng2 Qh3 21. Ne1 Nd4 22. Qg2 Qf5 23. h3 g4 24. Kh2 d6 25. exd4 Rxe1 26. Rxe1 Rxe1 27. dxc5 dxc5 28. h4 h6 29. Qc6 Kg7 30. Qg2 a5 31. Qd5 Re5 32. Qd3 Qxd3 33. Rxd3 Re2 34. Kg2 Rxa2 35. Rd6 a4 36. Rxb6 axb3 37. Rxb3 Rc2 38. Rb6 Rxc4 39. Kf1 Rc2 40. Rc6 h5 41. Ke1 f6 42. Rc8 Kg6 43. Rg8+ Kf5 44. Rh8 Ke4 45. Rxh5 f5 46. Rg5 c4 47. h5 c3 48. h6 Rc1+ 49. Ke2 Rh1 50. Rg6 c2 51. Rc6 c1Q 0-1

[Event "Manresa"]
[Site "Manresa"]
[Date "2012.10.26"]
[Round "2"]
[White "Lorenzo de la Riva, Lazaro"]
[Black "Albets Armengol, Roland"]
[Result "1-0"]
[WhiteElo "2465"]
[BlackElo "2147"]
[PlyCount "91"]
[EventDate "2012.10.19"]
[EventType "tourn"]
[EventRounds "9"]
[EventCountry "ESP"]
[EventCategory "3"]
[SourceTitle "EXT 2013"]
[Source "ChessBase"]
[SourceDate "2012.11.22"]
[SourceVersion "1"]
[SourceVersionDate "2012.11.22"]
[SourceQuality "1"]

1. e4 g6 2. d4 Bg7 3. Nc3 d6 4. f4 e6 5. Nf3 Ne7 6. Be3 Nd7 7. Qd2 a6 8. Bd3 Nf6 9. e5 Nfd5 10. Bf2 Nxc3 11. bxc3 Bd7 12. 0-0 Bc6 13. Ng5 Qd7 14. Rae1 h6 15. Ne4 Bxe4 16. Bxe4 d5 17. Bd3 h5 18. Rb1 b5 19. h3 h4 20. Qe1 Nf5 21. Bxf5 gxf5 22. Bxh4 c5 23. Qg3 Kf8 24. dxc5 Rc8 25. a4 Rxc5 26. axb5 Rxb5 27. Bg5 Qb7 28. Rxb5 Qxb5 29. Qd3 Kg8 30. Qxb5 axb5 31. Rb1 Kh7 32. Rxb5 Kg6 33. Be7 Ra8 34. Rb2 Rc8 35. Rb3 Rc4 36. g3 f6 37. exf6 Bxf6 38. Bxf6 Kxf6 39. Kf2 Re4 40. Rb4 Kg6 41. Rxe4 fxe4 42. Ke3 Kf6 43. c4 Kf5 44. g4+ Kf6 45. cxd5 exd5 46. c4 1-0

[Event "Manresa"]
[Site "Manresa"]
[Date "2012.10.19"]
[Round "1"]
[White "Albets Armengol, Roland"]
[Black "Mellado Trivino, Juan"]
[Result "0-1"]
[WhiteElo "2147"]
[BlackElo "2450"]
[PlyCount "58"]
[EventDate "2012.10.19"]
[EventType "tourn"]
[EventRounds "9"]
[EventCountry "ESP"]
[EventCategory "3"]
[SourceTitle "EXT 2013"]
[Source "ChessBase"]
[SourceDate "2012.11.22"]
[SourceVersion "1"]
[SourceVersionDate "2012.11.22"]
[SourceQuality "1"]

1. d4 d5 2. c4 Nc6 3. cxd5 Qxd5 4. e3 e5 5. Nc3 Bb4 6. Bd2 Bxc3 7. Bxc3 exd4 8. Ne2 Bg4 9. f3 Bxf3 10. gxf3 Qxf3 11. Nxd4 Qxh1 12. Nxc6 Nf6 13. Bxf6 gxf6 14. Nd4 Qxh2 15. Qa4+ c6 16. 0-0-0 Qe5 17. Qb3 0-0-0 18. Bh3+ Kc7 19. Qxf7+ Kb8 20. Qb3 Rd6 21. Rg1 Re8 22. Rg8 a6 23. Bg2 Rxg8 24. Qxg8+ Ka7 25. Qb3 Rxd4 26. exd4 Qg5+ 27. Kb1 Qxg2 28. Qe3 Qg6+ 29. Ka1 Qg5 0-1

[Event "Andorra op 29th"]
[Site "Arinsal"]
[Date "2011.07.23"]
[Round "8"]
[White "Gagarin, Vasilij"]
[Black "Albets Armengol, Roland"]
[Result "1-0"]
[WhiteElo "2428"]
[BlackElo "2169"]
[PlyCount "63"]
[EventDate "2011.07.16"]
[EventType "swiss"]
[EventRounds "9"]
[EventCountry "AND"]
[SourceTitle "CBM 143 Extra"]
[Source "ChessBase"]
[SourceDate "2011.08.29"]
[SourceVersion "1"]
[SourceVersionDate "2011.08.29"]
[SourceQuality "1"]

1. d4 g6 2. c4 Bg7 3. Nf3 d6 4. Nc3 Bg4 5. g3 Bxf3 6. exf3 e6 7. d5 exd5 8. cxd5 Ne7 9. Bg2 0-0 10. 0-0 Nd7 11. f4 Nb6 12. Qd3 Qd7 13. Bd2 c6 14. dxc6 bxc6 15. Rac1 Rab8 16. Rfd1 Rfd8 17. b3 c5 18. Ne4 Nc6 19. Bc3 Nd4 20. Bxd4 cxd4 21. Ng5 Rbc8 22. Rxc8 Qxc8 23. Nf3 Nd5 24. Nxd4 Nc3 25. Re1 Nxa2 26. Nc6 Re8 27. Ne7+ Rxe7 28. Rxe7 Nb4 29. Qb5 Bf8 30. Rxa7 Qc1+ 31. Bf1 Qe1 32. Qb7 1-0

[Event "Collado Villalba op-A 27th"]
[Site "Collado Villalba"]
[Date "2010.08.20"]
[Round "1"]
[White "Albets Armengol, Roland"]
[Black "Parligras, Mircea Emilian"]
[Result "0-1"]
[WhiteElo "2133"]
[BlackElo "2574"]
[PlyCount "60"]
[EventDate "2010.08.20"]
[EventType "swiss"]
[EventRounds "10"]
[EventCountry "ESP"]
[SourceTitle "CBM 138 Extra"]
[Source "ChessBase"]
[SourceDate "2010.10.29"]
[SourceVersion "1"]
[SourceVersionDate "2010.10.29"]
[SourceQuality "1"]

1. d4 Nf6 2. c4 e6 3. g3 c5 4. Nf3 cxd4 5. Nxd4 Qc7 6. b3 Bb4+ 7. Bd2 Bc5 8. e3 e5 9. Ne2 Qc6 10. Rg1 0-0 11. Bg2 Qc7 12. Nbc3 d6 13. Nd5 Nxd5 14. Bxd5 Bg4 15. Qc2 Nc6 16. a3 Rae8 17. Nc3 Kh8 18. Kf1 f5 19. Na4 e4 20. b4 Bb6 21. Nxb6 axb6 22. Bc3 Ne7 23. Qd2 b5 24. Qd4 Nxd5 25. cxd5 Rc8 26. Rc1 Qf7 27. Bb2 Rxc1+ 28. Bxc1 Rc8 29. Qd2 Bf3 30. Bb2 Qc7 0-1

[Event "Andorra op 28th"]
[Site "La Massana"]
[Date "2010.07.18"]
[Round "2"]
[White "Albets Armengol, Roland"]
[Black "Vernay, Clovis"]
[Result "0-1"]
[WhiteElo "2133"]
[BlackElo "2470"]
[PlyCount "98"]
[EventDate "2010.07.17"]
[EventType "swiss"]
[EventRounds "9"]
[EventCountry "AND"]
[SourceTitle "CBM 137 Extra"]
[Source "ChessBase"]
[SourceDate "2010.09.01"]
[SourceVersion "1"]
[SourceVersionDate "2010.09.01"]
[SourceQuality "1"]

1. d4 d5 2. c4 c6 3. Nf3 Nf6 4. Qc2 dxc4 5. Qxc4 Bf5 6. g3 e6 7. Bg2 Be7 8. 0-0 Nbd7 9. Nc3 0-0 10. Bg5 h6 11. Bxf6 Bxf6 12. b4 e5 13. dxe5 Nxe5 14. Nxe5 Bxe5 15. Rad1 Be6 16. Qc5 Qc7 17. a3 Rfe8 18. f4 Bxc3 19. Qxc3 Bg4 20. Bf3 Bxf3 21. exf3 Qb6+ 22. Qc5 Re3 23. Rd7 Rxa3 24. Qxb6 axb6 25. Rxb7 b5 26. Kg2 Ra2+ 27. Kh3 Ra1 28. Rxa1 Rxa1 29. Rc7 Rc1 30. Kg4 Rc4 31. Rc8+ Kh7 32. Kf5 Rc3 33. Rc7 Rc4 34. Rc8 Rxb4 35. Rxc6 Rb3 36. Rb6 f6 37. h4 h5 38. g4 Rxf3 39. Rxb5 g6+ 40. Kxf6 Rxf4+ 41. Ke5 Rxg4 42. Rb8 Rxh4 43. Kf6 Rf4+ 44. Kg5 Rg4+ 45. Kf6 h4 46. Ra8 h3 47. Ra3 Rh4 48. Ra1 h2 49. Rh1 Kh6 0-1

[Event "Catalunya-ch U20"]
[Site "Vila Seca"]
[Date "2010.04.01"]
[Round "2"]
[White "Vila Gazquez, Xavier"]
[Black "Albets Armengol, Roland"]
[Result "1-0"]
[WhiteElo "2456"]
[BlackElo "2123"]
[PlyCount "55"]
[EventDate "2010.03.31"]
[EventType "swiss"]
[EventRounds "9"]
[EventCountry "ESP"]
[SourceTitle "CBM 135 Extra"]
[Source "ChessBase"]
[SourceDate "2010.05.04"]
[SourceVersion "1"]
[SourceVersionDate "2010.05.04"]
[SourceQuality "1"]

1. e4 g6 2. d4 Bg7 3. Nc3 d6 4. f4 Nf6 5. Nf3 0-0 6. Bd3 Nc6 7. h3 e5 8. fxe5 dxe5 9. d5 Nd4 10. 0-0 c6 11. Bg5 h6 12. Bh4 Qb6 13. Nxd4 Qxd4+ 14. Kh1 Nh5 15. Be2 Nf4 16. Be7 Re8 17. d6 Bd7 18. Qxd4 exd4 19. Rxf4 dxc3 20. bxc3 Bf8 21. Bc4 Be6 22. Bxe6 fxe6 23. Rxf8+ Rxf8 24. Bxf8 Rxf8 25. e5 Rf7 26. Rd1 Rd7 27. Rf1 Rf7 28. Rf6 1-0

[Event "Catalunya Central 26th A"]
[Site "Manessa"]
[Date "2009.11.27"]
[Round "4.2"]
[White "Ramon Solans, Albert"]
[Black "Albets Armengol, Roland"]
[Result "1/2-1/2"]
[WhiteElo "2176"]
[BlackElo "2107"]
[PlyCount "177"]
[EventDate "2009.11.06"]
[EventType "swiss"]
[EventRounds "9"]
[EventCountry "ESP"]
[SourceTitle "EXT 2024"]
[Source "ChessBase"]
[SourceDate "2023.10.10"]
[SourceVersion "1"]
[SourceVersionDate "2023.10.10"]
[SourceQuality "1"]

1. e4 g6 2. d4 Bg7 3. f4 d6 4. Nf3 Nf6 5. e5 dxe5 6. fxe5 Nd5 7. c4 Nb6 8. c5 Nd5 9. Nc3 0-0 10. Bc4 c6 11. Qb3 e6 12. 0-0 b6 13. Bg5 Qc7 14. Ne4 Nd7 15. Nd6 bxc5 16. Bxd5 exd5 17. Be7 Ba6 18. Rf2 cxd4 19. Ng5 Nxe5 20. Bxf8 Rxf8 21. Ndxf7 Nxf7 22. Ne6 Qe7 23. Nxf8 Bxf8 24. Qa4 Bb5 25. Qxd4 Bh6 26. Kh1 Be3 27. Qf6 Qxf6 28. Rxf6 Bd4 29. Rf3 Bxb2 30. Re1 Ne5 31. Rb3 Bd4 32. Rd1 Bb6 33. Rxb5 cxb5 34. Rxd5 Nc6 35. Rxb5 Kf7 36. g3 Ke6 37. Kg2 Nd4 38. Rb1 Kd5 39. Rc1 a5 40. Rc8 Nc6 41. g4 h6 42. h3 a4 43. Ra8 Ba5 44. Rg8 Ne5 45. Ra8 Nc6 46. Rg8 a3 47. Rxg6 Bd2 48. h4 Nb4 49. Rg8 Ke4 50. g5 hxg5 51. hxg5 Kf5 52. g6 Kf6 53. g7 Nxa2 54. Rd8 Kxg7 55. Rxd2 Nc3 56. Rd6 a2 57. Ra6 Kf7 58. Kf3 Ke7 59. Ke3 Nd5+ 60. Kd2 Nb4 61. Ra4 Kd6 62. Kc3 Nd5+ 63. Kb2 Kc5 64. Rxa2 Nb4 65. Ra5+ Kc4 66. Rh5 Nc6 67. Rh4+ Nd4 68. Rg4 Kd3 69. Rg8 Ke4 70. Ka3 Nb5+ 71. Ka4 Nc3+ 72. Ka5 Nd5 73. Re8+ Kd4 74. Ka4 Nc3+ 75. Ka5 Ne4 76. Rd8+ Ke5 77. Rd1 Nc3 78. Rd2 Ne4 79. Rd3 Nf6 80. Re3+ Ne4 81. Re1 Kd4 82. Rh1 Nf2 83. Rh4+ Ne4 84. Rh5 Nf6 85. Rf5 Ne4 86. Kb6 Nc3 87. Kc6 Ne4 88. Kd7 Kd3 89. Ke6 1/2-1/2

[Event "Barbera del Valles op 31st"]
[Site "Barbera del Valles"]
[Date "2008.07.13"]
[Round "9"]
[White "Albets Armengol, Roland"]
[Black "Costa Trave, Jaume"]
[Result "1-0"]
[WhiteElo "1979"]
[BlackElo "2027"]
[PlyCount "81"]
[EventDate "2008.07.04"]
[EventType "swiss"]
[EventRounds "9"]
[EventCountry "ESP"]
[SourceTitle "CBM 125 Extra"]
[Source "ChessBase"]
[SourceDate "2008.09.01"]
[SourceVersion "1"]
[SourceVersionDate "2008.09.01"]
[SourceQuality "1"]

1. d4 d5 2. e4 dxe4 3. Nc3 Bf5 4. f3 Nf6 5. fxe4 Nxe4 6. Qf3 Nd6 7. Bf4 Bc8 8. 0-0-0 Nd7 9. h3 Nf6 10. g4 h6 11. Nge2 g5 12. Be5 Bg7 13. Ng3 c6 14. Bd3 Be6 15. Nge4 a5 16. Nc5 Bc8 17. Rde1 Kf8 18. Rhf1 b6 19. N5e4 Nde8 20. Ng3 Be6 21. Qxc6 Rc8 22. Qf3 Kg8 23. Nf5 Bc4 24. Bxc4 Rxc4 25. Nxe7+ Kf8 26. Ned5 Rxc3 27. Nxc3 Qd7 28. Qa8 Nxg4 29. hxg4 Bxe5 30. Rxe5 Kg7 31. Qf3 Rf8 32. Qd5 Qa7 33. Ref5 f6 34. Ne4 Qe7 35. R5f2 Rf7 36. Re2 Qc7 37. Qf5 a4 38. a3 Qc4 39. Ng3 Nd6 40. Qe6 Qxd4 41. Qxd6 1-0

[Event "Barbera del Valles op 31st"]
[Site "Barbera del Valles"]
[Date "2008.07.12"]
[Round "8"]
[White "Moreto Quintana, Alexandre"]
[Black "Albets Armengol, Roland"]
[Result "1-0"]
[WhiteElo "2124"]
[BlackElo "1979"]
[PlyCount "137"]
[EventDate "2008.07.04"]
[EventType "swiss"]
[EventRounds "9"]
[EventCountry "ESP"]
[SourceTitle "CBM 125 Extra"]
[Source "ChessBase"]
[SourceDate "2008.09.01"]
[SourceVersion "1"]
[SourceVersionDate "2008.09.01"]
[SourceQuality "1"]

1. d4 Nf6 2. c4 c5 3. Nf3 cxd4 4. Nxd4 e5 5. Nc2 d5 6. cxd5 Qxd5 7. Qxd5 Nxd5 8. e4 Nf6 9. Nc3 Be7 10. Nb5 Na6 11. f3 0-0 12. Be3 Bc5 13. Nc7 Nxc7 14. Bxc5 Rd8 15. Rd1 Rxd1+ 16. Kxd1 Be6 17. b3 b6 18. Ba3 Nfe8 19. g4 Nd6 20. g5 Rd8 21. Kc1 Ndb5 22. Bb2 f6 23. h4 Kf7 24. Rg1 Bd7 25. Bc4+ Be6 26. Be2 Bd7 27. Rd1 Ke8 28. gxf6 gxf6 29. a4 Nd4 30. Nxd4 exd4 31. Bxd4 Ke7 32. Bb2 Ne6 33. Ba3+ Nc5 34. Rd5 Be6 35. Rh5 Bg8 36. Bxc5+ bxc5 37. Kc2 Kd6 38. Bc4 Bxc4 39. bxc4 Rd7 40. Rd5+ Kc6 41. Rf5 Rd6 42. Rh5 Rd7 43. Rh6 Kb6 44. Rxf6+ Ka5 45. Kc3 Rd1 46. Rf7 Rc1+ 47. Kb3 Rb1+ 48. Kc2 Rf1 49. e5 Re1 50. f4 Re4 51. Rxa7+ Kb6 52. Rf7 Rxc4+ 53. Kd2 Re4 54. Kd3 Rd4+ 55. Kc3 Re4 56. Rf6+ Kc7 57. a5 Re3+ 58. Kd2 Re4 59. Kd3 Rd4+ 60. Kc3 Kb7 61. a6+ Ka7 62. h5 Re4 63. h6 Re3+ 64. Kd2 Re4 65. Kd3 Rd4+ 66. Ke3 Rc4 67. e6 Rc1 68. f5 c4 69. Kd2 1-0

[Event "Barbera del Valles op 31st"]
[Site "Barbera del Valles"]
[Date "2008.07.10"]
[Round "6"]
[White "Bardera Gil, Sergi"]
[Black "Albets Armengol, Roland"]
[Result "0-1"]
[WhiteElo "2101"]
[BlackElo "1979"]
[PlyCount "62"]
[EventDate "2008.07.04"]
[EventType "swiss"]
[EventRounds "9"]
[EventCountry "ESP"]
[SourceTitle "CBM 125 Extra"]
[Source "ChessBase"]
[SourceDate "2008.09.01"]
[SourceVersion "1"]
[SourceVersionDate "2008.09.01"]
[SourceQuality "1"]

1. e4 g6 2. d4 d6 3. f4 Nf6 4. Bd3 Bg7 5. Nf3 0-0 6. 0-0 Nbd7 7. Kh1 c5 8. c3 b6 9. Qe1 e6 10. h3 Bb7 11. g4 Qe7 12. Nbd2 cxd4 13. cxd4 e5 14. f5 exd4 15. g5 Nh5 16. Qh4 Be5 17. f6 Qe6 18. Nxe5 Nxe5 19. Be2 d5 20. Bxh5 gxh5 21. Qxh5 Kh8 22. Kg1 dxe4 23. Rf4 Ng6 24. Rf1 e3 25. Nf3 Qe4 26. Bxe3 Qxe3+ 27. Rf2 Bxf3 28. Qxf3 Qxg5+ 29. Kh1 Qe3 30. Qf5 Rae8 31. h4 Re5 0-1

[Event "Barbera del Valles op 31st"]
[Site "Barbera del Valles"]
[Date "2008.07.09"]
[Round "5"]
[White "Chalmeta Ugas, Ramon"]
[Black "Albets Armengol, Roland"]
[Result "1-0"]
[WhiteElo "2175"]
[BlackElo "1979"]
[PlyCount "101"]
[EventDate "2008.07.04"]
[EventType "swiss"]
[EventRounds "9"]
[EventCountry "ESP"]
[SourceTitle "CBM 125 Extra"]
[Source "ChessBase"]
[SourceDate "2008.09.01"]
[SourceVersion "1"]
[SourceVersionDate "2008.09.01"]
[SourceQuality "1"]

1. e4 g6 2. d4 Bg7 3. c4 d6 4. Nc3 Nf6 5. f3 0-0 6. Be3 c5 7. Nge2 b6 8. Qd2 Nc6 9. d5 Ne5 10. b3 a6 11. Ng3 Rb8 12. Be2 Ne8 13. Bh6 f5 14. Bxg7 Nxg7 15. f4 Nf7 16. 0-0 fxe4 17. Ncxe4 Nf5 18. Nxf5 Bxf5 19. Ng3 Nh6 20. Rae1 Rb7 21. Bd1 Qe8 22. h3 Qf7 23. Nh1 Qg7 24. g4 Bc8 25. Ng3 b5 26. Be2 b4 27. Bd3 Nf7 28. Kg2 Ra7 29. Re2 Nd8 30. Qc2 e6 31. Be4 Bb7 32. dxe6 Nxe6 33. Bxb7 Nd4 34. Bd5+ Kh8 35. Qb2 Nxe2 36. Qxg7+ Kxg7 37. Nxe2 Re7 38. Ng3 Rfe8 39. f5 Kf6 40. h4 gxf5 41. Nh5+ Ke5 42. gxf5 Kd4 43. f6 Re2+ 44. Rf2 Rxf2+ 45. Kxf2 Rf8 46. f7 Kc3 47. Nf6 h6 48. Nh7 Rxf7+ 49. Bxf7 Kb2 50. Be8 Kxa2 51. Ba4 1-0